Logo BPK

Biblioteka

Politechniki Koszalińskiej

Album projektów gotowych dla budownictwa jednorodzinnego / (Rekord nr 24217)

Szczegóły MARC
000 -ETYKIETA REKORDU
podpole kontrolne o stałej długości 00635nam a2200193 i 4500
001 - NUMER KONTROLNY REKORDU
pole kontrolne bg
020 ## - MIĘDZYNARODOWY ZNORMALIZOWANY NUMER KSIĄŻKI - ISBN
ISBN 8386613696
040 ## - ŹRÓDŁO KATALOGOWANIA
Instytucja, która utworzyła rekord BPK
041 ## - KOD JĘZYKA
Kod języka tekstu pol
080 ## - UNIWERSALNA KLASYFIKACJA DZIESIĘTNA - UKD
UKD 69
920 ## - Międzynarodowy znormalizowany numer książki – ISBN
ISBN 83-86613-69-6
008 - POLE O STAŁEJ DŁUGOŚCI - DANE KONTROLNE
podpole kontrolne o stałej długości s pl f |000 0 pol
100 1# - NAZWA OSOBOWA
Nazwa osobowa WAŃKO, Czesław
245 #0 - TYTUŁ/ODPOWIEDZIALNOŚĆ
Tytuł Album projektów gotowych dla budownictwa jednorodzinnego /
Pozostałe elementy strefy tytułu i oznaczenia odpowiedzialności Czesław Wańko ; Centralne Biuro Projektowo-Badawcze Budownictwa Wiejskiego BISPROL.
260 ## - STREFA ADRESU WYDAWNICZEGO
Miejsce wydania Warszawa :
Nazwa wydawcy/dystrybutora BISPROL,
Data publikacji, dystrybucji/powstania dokumentu [1999].
300 ## - STREFA OPISU FIZYCZNEGO
Objętość skoroszyt :
Inne cechy fizyczne rys.,mapy. ;
Rozmiary 30 cm +
Dokument towarzyszący uzupełnienie kart projektów.
650 #9 - HASŁO PRZEDMIOTOWE W FORMIE NAZWY OGÓLNEJ LUB JEDNOSTKOWEJ
Nazwa ogólna lub geograficzna Budownictwo jednorodzinne
Określnik ogólny projekty
856 ## - LOKALIZACJA I DOSTĘP DO ELEKTRONICZNYCH DOKUMENTÓW ZDALNYCH
Link (URL) http://koha.tu.koszalin.pl/cgi-bin/koha/opac-detail.pl?biblionumber=24217
Tekst linku Katalog online BPK
942 ## - DODATKOWE ELEMENTY (KOHA)
Typ dokumentu Katalog
Egzemplarze
Wycofany Status egzemplarza Uszkodzony Dostępność Lokalizacja stała Lokalizacja bieżąca Miejsce przechowywania Sygnatura Kod kreskowy Dział Typ dokumentu
      Tylko na miejscu Biblioteka Politechniki Koszalińskiej Biblioteka Politechniki Koszalińskiej Czytelnia BG KC 2873 01451344 69 Przemysł budowlany Katalog
© 2023 Biblioteka Politechniki Koszalińskiej :: KOHA